<?xml version="1.0" encoding="UTF-8"?><?xml-stylesheet type="text/xsl" href="static/style.xsl"?><OAI-PMH xmlns="http://www.openarchives.org/OAI/2.0/" xmlns:xsi="http://www.w3.org/2001/XMLSchema-instance" xsi:schemaLocation="http://www.openarchives.org/OAI/2.0/ http://www.openarchives.org/OAI/2.0/OAI-PMH.xsd"><responseDate>2026-04-14T05:46:29Z</responseDate><request verb="GetRecord" identifier="oai:www.recercat.cat:2072/358670" metadataPrefix="marc">https://recercat.cat/oai/request</request><GetRecord><record><header><identifier>oai:recercat.cat:2072/358670</identifier><datestamp>2024-12-23T18:22:03Z</datestamp><setSpec>com_2072_353042</setSpec><setSpec>com_2072_351515</setSpec><setSpec>com_2072_1741</setSpec><setSpec>col_2072_360697</setSpec></header><metadata><record xmlns="http://www.loc.gov/MARC21/slim" xmlns:dcterms="http://purl.org/dc/terms/" xmlns:xsi="http://www.w3.org/2001/XMLSchema-instance" xmlns:doc="http://www.lyncode.com/xoai" xsi:schemaLocation="http://www.loc.gov/MARC21/slim http://www.loc.gov/standards/marcxml/schema/MARC21slim.xsd">
   <leader>00925njm 22002777a 4500</leader>
   <datafield ind2=" " ind1=" " tag="042">
      <subfield code="a">dc</subfield>
   </datafield>
   <datafield ind2=" " ind1=" " tag="720">
      <subfield code="a">Díaz-Acha, Yael</subfield>
      <subfield code="e">author</subfield>
   </datafield>
   <datafield ind2=" " ind1=" " tag="720">
      <subfield code="a">Díaz-Ontiveros, Iria</subfield>
      <subfield code="e">author</subfield>
   </datafield>
   <datafield ind2=" " ind1=" " tag="260">
      <subfield code="c">2019</subfield>
   </datafield>
   <datafield ind2=" " ind1=" " tag="520">
      <subfield code="a">La colección de petrología del Museu de Ciències Naturals de Barcelona (MCNB) reúne una parte importante del patrimonio geológico mueble de la institución y gracias a las diferentes aportaciones pasadas y presentes contiene una buena representación de la geodiversidad de nuestro planeta, especialmente de la geología peninsular (Díaz-Ontiveros y Díaz-Acha, 2015). Con la donación de Peter Seroka la colección de petrología se ha visto enriquecida con 250 registros de ejemplares provenientes de todo el mundo, la mayoría con un alto interés científico (e incluso museístico) y con 32 de ellos procedentes de su localidad tipo. Gran parte de los ejemplares corresponden a rocas ígneas. Es importante destacar el beneficio de donar una colección científica privada a una institución pública. Las instituciones públicas garantizan tanto el acceso abierto a las colecciones como la conservación del patrimonio mueble, acción muy relevante reflejada en la resolución 6.08 del congreso Mundial de la Unión Internacional para la Conservación de la Naturaleza celebrado en 2016, en la que se incluye una moción sobre conservación del patrimonio geológico mueble. El MCNB, y en este caso el departamento de Petrología, ha estudiado, documentado (Díaz-Ontiveros y Díaz-Acha, 2016) y dispuesto la colección Seroka (rocas y láminas delgadas) para que cualquier&#xd;
persona pueda consultarla y estudiarla en las mejores condiciones.</subfield>
   </datafield>
   <datafield ind1="8" ind2=" " tag="024">
      <subfield code="a">http://hdl.handle.net/2072/358670</subfield>
   </datafield>
   <datafield ind2="0" ind1="0" tag="245">
      <subfield code="a">La colección Seroka del Museu de Ciències Naturals de Barcelona</subfield>
   </datafield>
</record></metadata></record></GetRecord></OAI-PMH>